000 00345nam a2200157Ia 4500
003 OSt
005 20240130104901.0
008 170524s9999 xx 000 0 und d
020 _a 9780199731244
040 _ciimtu
100 _aPratap Rudra
245 0 _aGetting Started With MATLAB
260 _bOxford
260 _c2010
942 _2ddc
_c02
999 _c6045
_d6045